[Event "Sant Adria de Besos op 11th"]
[Site "Sant Adria de Besos"]
[Date "2015.06.21"]
[Round "9.22"]
[White "Tordera Jumilla, Joaquim"]
[Black "Hernando Harto, Roger"]
[Result "0-1"]
[WhiteElo "1613"]
[BlackElo "1663"]
[PlyCount "66"]
[EventDate "2015.04.12"]
[EventType "swiss"]
[EventRounds "9"]
[EventCountry "ESP"]
[SourceTitle "EXT 2024"]
[Source "ChessBase"]
[SourceDate "2023.10.10"]
[SourceVersion "1"]
[SourceVersionDate "2023.10.10"]
[SourceQuality "1"]

1. d4 d5 2. Bg5 f6 3. Bh4 Bg4 4. h3 Bh5 5. Nf3 Nc6 6. g4 Bg6 7. Bg2 e6 8. Nc3 Qe7 9. a3 0-0-0 10. b4 a6 11. Qd2 Qd7 12. e4 dxe4 13. Nxe4 Bxe4 14. 0-0-0 Qd5 15. Rhe1 Bxf3 16. Bxf3 Qxf3 17. Rxe6 Qxa3+ 18. Kb1 Bxb4 19. c3 Bxc3 20. Qxc3 Qxc3 21. f3 Qb3+ 22. Kc1 Qxe6 23. Bf2 Qc4+ 24. Kb2 Re8 25. Rd2 Qb4+ 26. Kc1 Nh6 27. Rb2 Qa3 28. d5 Nb4 29. Kb1 Nd3 30. Bd4 Nxb2 31. Bxb2 Qb3 32. Ka1 Re1+ 33. Bc1 Rxc1# 0-1

[Event "Sant Adria de Besos op 11th"]
[Site "Sant Adria de Besos"]
[Date "2015.05.24"]
[Round "5.28"]
[White "Fleta Ibanez, Marti"]
[Black "Hernando Harto, Roger"]
[Result "0-1"]
[WhiteElo "1688"]
[BlackElo "1663"]
[PlyCount "36"]
[EventDate "2015.04.12"]
[EventType "swiss"]
[EventRounds "9"]
[EventCountry "ESP"]
[SourceTitle "EXT 2024"]
[Source "ChessBase"]
[SourceDate "2023.10.10"]
[SourceVersion "1"]
[SourceVersionDate "2023.10.10"]
[SourceQuality "1"]

1. e4 e5 2. Nf3 Nc6 3. Bb5 Bc5 4. 0-0 Nf6 5. Nc3 0-0 6. d3 d6 7. Bg5 a6 8. Bc4 Bg4 9. h3 Bh5 10. a3 Qd7 11. Qd2 Na5 12. Ba2 Rad8 13. Ne2 d5 14. Nxe5 Qd6 15. Ng4 Nxg4 16. hxg4 f6 17. Bh4 Bf7 18. Bg3 Qe7 0-1